000 00292nam a2200109Ia 4500
005 20251222140105.0
008 251222s1900||||xx |||||||||||||| ||spa||
082 _a289.8/P11/1967
100 _a"Pablo VI, Papa"
245 0 _aPopulorum progressio: Sobre el desarrollo de los pueblos
942 _cLIB
999 _c4089
_d4089